[Event "Open Inverno"]
[Site "Ceriano Laghetto ITA"]
[Date "2008.02.12"]
[Round "2"]
[White "Bertuolo, Sergio"]
[Black "Iula, Massimo"]
[Result "1-0"]
[WhiteElo "1523"]
[BlackElo "1395"]
[PlyCount "71"]
[EventDate "2008.02.05"]

1.e4 c6 2.d4 d5 3.Nc3 dxe4 4.Nxe4 Bf5 5.Ng3 Bg6 6.Nf3 e6 7.Bd3 Bxd3 8.Qxd3
Nf6 9.O-O Bd6 10.Re1 Bxg3 11.fxg3 Qb6 12.Bg5 Nbd7 13.Ne5 Nxe5 14.Rxe5 Nd7 
15.Ree1 c5 16.c3 O-O 17.Kh1 Rac8 18.Be3 Nf6 19.dxc5 Qc6 20.Bg1 Rfd8 21.Qe2
Nd7 22.b4 a6 23.a4 b5 24.axb5 Qxb5 25.Qxb5 axb5 26.Ra5 Rb8 27.c6 Rbc8 28.
cxd7 Rxd7 29.Bc5 Rd3 30.Bd4 g6 31.Rxb5 Kf8 32.Rc5 Ra8 33.Ra5 Rc8 34.b5 Ke7
35.Ra7+ Ke8 36.b6 1-0

[Event "Open Inverno"]
[Site "Ceriano Laghetto ITA"]
[Date "2008.02.12"]
[Round "2"]
[White "Cervini, Gian Piero"]
[Black "Guzzetti, Luigi Enrico"]
[Result "0-1"]
[WhiteElo "1767"]
[BlackElo "1933"]
[PlyCount "94"]
[EventDate "2008.02.05"]

1.e4 c5 2.c3 e6 3.d4 d5 4.e5 Nc6 5.f4 Qb6 6.Nf3 Bd7 7.Be2 Rc8 8.O-O Nh6 9.
Na3 cxd4 10.cxd4 Bxa3 11.bxa3 Nf5 12.Qd3 Ncxd4 13.Nxd4 Qxd4+ 14.Qxd4 Nxd4 
15.Bg4 h5 16.Bh3 Bb5 17.Rd1 Ne2+ 18.Kf2 Nc3 19.Rd4 Ne4+ 20.Ke1 g6 21.Rxd5 
Rc2 22.Rxb5 b6 23.Rb2 Rc3 24.Re2 Nc5 25.Kd2 Rc4 26.g3 Ke7 27.Ke1 Nd3+ 28.
Kd1 Rd8 29.Bd2 Ra4 30.Bf1 Rxa3 31.Re3 Nf2+ 32.Ke2 Rxe3+ 33.Kxe3 Ng4+ 34.
Ke2 Nxh2 35.Bh3 Rd4 36.Bc3 Ra4 37.a3 b5 38.Bb4+ Kd7 39.Rd1+ Kc7 40.Rd6 a5 
41.Ra6 axb4 42.Rxa4 bxa4 43.Kd2 Nf3+ 44.Kc1 bxa3 45.Bf1 Kb6 46.Be2 Nd4 47.
Bd3 Nb3+ 0-1

[Event "Open Inverno"]
[Site "Ceriano Laghetto ITA"]
[Date "2008.02.12"]
[Round "2"]
[White "Conta, Diego"]
[Black "Regorda, Vittorio"]
[Result "1/2-1/2"]
[WhiteElo "1890"]
[BlackElo "1863"]
[PlyCount "109"]
[EventDate "2008.02.05"]

1.d4 Nf6 2.Nf3 e6 3.c4 d5 4.Nc3 Bb4 5.a3 Bxc3+ 6.bxc3 O-O 7.Bg5 c6 8.e3 
Nbd7 9.Ne5 Qa5 10.Qc2 Ne4 11.Be7 Re8 12.Bb4 Qc7 13.f3 Nef6 14.Nxd7 Nxd7 
15.a4 Nf6 16.Bd3 e5 17.O-O dxc4 18.Bxc4 Nd5 19.Rfe1 Nxb4 20.cxb4 Qd6 21.
Qc3 Bf5 22.dxe5 Qxe5 23.Qxe5 Rxe5 24.e4 Bg6 25.Rad1 Kf8 26.Rd7 Re7 27.Red1
Ke8 28.Rxe7+ Kxe7 29.Kf2 Rd8 30.Rxd8 Kxd8 31.Ke3 Kd7 32.g4 f6 33.f4 b6 34.
f5 Be8 35.Kf4 Kd6 36.h4 h6 37.g5 c5 38.b5 Bh5 39.gxh6 gxh6 40.Bb3 Be2 41.
Ke3 c4 42.Bc2 Bf1 43.Kd4 Bg2 44.Bd1 c3 45.Bc2 Bf3 46.Ke3 Bg2 47.Kd4 h5 48.
Bd1 Bf3 49.Bc2 Bh1 50.Bd1 Bg2 51.Bc2 Bf3 52.Ke3 Bg4 53.Kd4 Bf3 54.Ke3 Bg2 
55.Kd4 1/2-1/2

[Event "Open Inverno"]
[Site "Ceriano Laghetto ITA"]
[Date "2008.02.12"]
[Round "2"]
[White "Lapiccirella, Mattia"]
[Black "Ronconi, Fausto"]
[Result "1-0"]
[WhiteElo "2240"]
[BlackElo "1733"]
[PlyCount "73"]
[EventDate "2008.02.05"]

1.d4 d5 2.c4 e6 3.Nc3 Nf6 4.Bg5 Be7 5.e3 O-O 6.Nf3 Nbd7 7.Qc2 h6 8.Bf4 c5 
9.cxd5 Nxd5 10.Nxd5 exd5 11.dxc5 Qa5+ 12.Qd2 Qxd2+ 13.Kxd2 Nxc5 14.Nd4 
Ne4+ 15.Ke2 Bf6 16.f3 Nc5 17.Bd6 Bxd4 18.exd4 Re8+ 19.Kd2 Nd7 20.Rc1 Re6 
21.Ba3 Nb6 22.b3 Bd7 23.Bd3 g6 24.Rhe1 Rxe1 25.Rxe1 Re8 26.Rc1 Bc6 27.Bd6 
Nd7 28.b4 Re6 29.Bf4 g5 30.Bc7 Nf6 31.b5 Be8 32.a4 a6 33.Bf5 axb5 34.Bxe6 
fxe6 35.Be5 Nd7 36.a5 Nxe5 37.dxe5 1-0

[Event "Open Inverno"]
[Site "Ceriano Laghetto ITA"]
[Date "2008.02.12"]
[Round "2"]
[White "Milan, Raffaele"]
[Black "Marelli, Vittorio"]
[Result "1-0"]
[WhiteElo "1640"]
[BlackElo "1439"]
[PlyCount "89"]
[EventDate "2008.02.05"]

1.Nf3 Nc6 2.d4 d5 3.g3 Bg4 4.Bg2 e6 5.Nbd2 Nf6 6.c4 Bb4 7.O-O O-O 8.cxd5 
exd5 9.Nb3 Re8 10.Bd2 Bxd2 11.Nbxd2 Qe7 12.e3 Qb4 13.Qb3 Bxf3 14.Qxb4 Nxb4
15.Bxf3 c6 16.a3 Na6 17.Rac1 Rac8 18.b4 b6 19.Nb3 Rc7 20.Rc2 Nd7 21.Rfc1 
Rec8 22.Bg4 g6 23.Bxd7 Rxd7 24.Rxc6 Rxc6 25.Rxc6 Nc7 26.a4 b5 27.Nc5 Re7 
28.Na6 Nxa6 29.Rxa6 bxa4 30.Rxa4 Rc7 31.Kg2 f5 32.Kf3 Kf7 33.Kf4 Kf6 34.
Ra6+ Kg7 35.Ke5 Kh6 36.Kxd5 Rc2 37.Rxa7 Rxf2 38.b5 Rxh2 39.b6 Rb2 40.Kc6 
Rc2+ 41.Kd6 Rc8 42.b7 Rb8 43.Kc7 Rxb7+ 44.Rxb7 Kg5 45.d5 1-0

[Event "Open Inverno"]
[Site "Ceriano Laghetto ITA"]
[Date "2008.02.12"]
[Round "2"]
[White "Mondini, Francesco"]
[Black "Moioli, Ferruccio"]
[Result "1/2-1/2"]
[WhiteElo "1448"]
[BlackElo "1566"]
[PlyCount "111"]
[EventDate "2008.02.05"]

1.e4 g6 2.d4 d6 3.Bc4 Nf6 4.Nc3 Bg7 5.f4 Nc6 6.Nf3 e6 7.O-O O-O 8.Be3 d5 
9.exd5 exd5 10.Be2 Bf5 11.a3 Ng4 12.Bf2 Nxf2 13.Rxf2 Bg4 14.Ne5 Bxe2 15.
Nxe2 Ne7 16.Ng3 f6 17.Nd3 b6 18.c3 Qd6 19.Qf1 c5 20.Ne2 Nf5 21.Qc1 Rae8 
22.Qd2 Re6 23.Re1 Rfe8 24.Ng3 Nxg3 25.hxg3 c4 26.Rxe6 Qxe6 27.f5 Qe4 28.
Nf4 Qxf5 29.Re2 Rxe2 30.Qxe2 Qe4 31.Qf2 Bh6 32.Qf1 Bg5 33.Nh3 Be3+ 34.Kh2 
f5 35.Nf2 Qc2 36.Nd1 Bc1 37.Qf3 Qe4 38.Qf1 Kg7 39.Nf2 Qc2 40.Nd1 Bxb2 41.
Qf3 Bxa3 42.Ne3 Qd3 43.Qf4 Qe4 44.Qc7+ Kh6 45.Qxa7 Bd6 46.Nxf5+ Qxf5 47.
Qxb6 Qh5+ 48.Kg1 Bxg3 49.Qf6 Qh2+ 50.Kf1 Qh1+ 51.Ke2 Qxg2+ 52.Kd1 Qf2 53.
Qe7 Bf4 54.Qxh7+ Kg5 55.Qxg6+ Kh4 56.Qg4+ 1/2-1/2

[Event "Open Inverno"]
[Site "Ceriano Laghetto ITA"]
[Date "2008.02.12"]
[Round "2"]
[White "Morandi, Daniele"]
[Black "Clerici, Samuele"]
[Result "1-0"]
[WhiteElo "1999"]
[BlackElo "1608"]
[PlyCount "45"]
[EventDate "2008.02.05"]

1.e4 e5 2.Nf3 Nc6 3.Bc4 Bc5 4.c3 Nf6 5.d4 exd4 6.cxd4 Bb4+ 7.Nc3 Nxe4 8.
O-O Bxc3 9.d5 Ne7 10.bxc3 O-O 11.Re1 Nf6 12.d6 Ng6 13.Bg5 cxd6 14.Nd2 h6 
15.Bxf6 Qxf6 16.Ne4 Qe5 17.Nxd6 Qxc3 18.Re3 Qa5 19.Rb1 a6 20.Nxf7 Kh7 21.
Qd6 Qf5 22.Bd3 Qxf7 23.Rf3 1-0

[Event "Open Inverno"]
[Site "Ceriano Laghetto ITA"]
[Date "2008.02.12"]
[Round "2"]
[White "Schingaro, Angelo"]
[Black "Santarelli, Sabatino"]
[Result "1-0"]
[WhiteElo "1683"]
[BlackElo "1593"]
[PlyCount "93"]
[EventDate "2008.02.05"]

1.e4 c5 2.Nf3 Nc6 3.d4 cxd4 4.Nxd4 g6 5.c4 Bg7 6.Nc2 Nf6 7.Nc3 O-O 8.Be2 
d6 9.Be3 Re8 10.f4 Bd7 11.O-O Qc8 12.h3 Kh8 13.Rc1 Ng8 14.Qd3 f5 15.Bf3 
fxe4 16.Bxe4 Nf6 17.Bf3 Bf5 18.Qd2 a6 19.b3 Qc7 20.Nd5 Nxd5 21.cxd5 Nd8 
22.Nd4 Qd7 23.Nxf5 Qxf5 24.Bg4 Qf8 25.Bd7 Nf7 26.Bxe8 Qxe8 27.Rc7 b5 28.
Rfc1 Nh6 29.Qc2 Bf6 30.Rc8 Rxc8 31.Qxc8 Qxc8 32.Rxc8+ Kg7 33.Ra8 Nf5 34.
Kf2 Kf7 35.Rxa6 Bc3 36.a4 bxa4 37.bxa4 Bd4 38.Bxd4 Nxd4 39.Rb6 e6 40.dxe6+
Kxe6 41.a5 Kd7 42.a6 Kc7 43.Rb7+ Kc8 44.Rxh7 Kb8 45.Rd7 Nf5 46.g4 Nd4 47.
Rxd6 1-0

[Event "Open Inverno"]
[Site "Ceriano Laghetto ITA"]
[Date "2008.02.12"]
[Round "2"]
[White "Viale, Fabio"]
[Black "Gagliardi, Christian"]
[Result "0-1"]
[WhiteElo "1809"]
[BlackElo "2186"]
[PlyCount "74"]
[EventDate "2008.02.05"]

1.d4 g6 2.c4 Bg7 3.Nc3 Nf6 4.Nf3 O-O 5.e4 d6 6.Be2 Nbd7 7.O-O e5 8.d5 Nc5 
9.Qc2 a5 10.Bg5 h6 11.Be3 Nfd7 12.Nd2 f5 13.f3 f4 14.Bf2 g5 15.g4 h5 16.h3
Rf7 17.b3 Bf8 18.Kg2 Rh7 19.Rh1 Be7 20.Rab1 Nf6 21.a3 Bd7 22.Qb2 Qc8 23.b4
axb4 24.axb4 Na4 25.Nxa4 Rxa4 26.Bd1 Ra8 27.c5 hxg4 28.hxg4 Rxh1 29.Kxh1 
Bxg4 30.fxg4 Nxg4 31.Kg2 Nxf2 32.Kxf2 Qh3 33.Nf1 g4 34.Qb3 Bh4+ 35.Kg1 f3 
36.Bxf3 gxf3 37.Rb2 f2+ 0-1

[Event "Open Inverno"]
[Site "Ceriano Laghetto ITA"]
[Date "2008.02.12"]
[Round "2"]
[White "Zampar, Andrea"]
[Black "Bencivenga, Antonio"]
[Result "0-1"]
[WhiteElo "1481"]
[BlackElo "1332"]
[PlyCount "96"]
[EventDate "2008.02.05"]

1.d4 d6 2.e4 Nf6 3.Nc3 g6 4.Nf3 Bg7 5.Be3 O-O 6.h3 Nbd7 7.Bd3 e5 8.Qd2 
exd4 9.Bxd4 Kh8 10.O-O-O Nc5 11.g4 Nxd3+ 12.Qxd3 Be6 13.Kb1 Kg8 14.Ng5 Qe8
15.f4 c5 16.Nxe6 Qxe6 17.f5 Qe7 18.Be3 Rae8 19.g5 Nxe4 20.f6 Nxc3+ 21.Qxc3
Bxf6 22.gxf6 Qxe3 23.Qxe3 Rxe3 24.Rxd6 Rfe8 25.b3 h5 26.h4 b6 27.Kb2 R3e6 
28.Rhd1 Rxd6 29.Rxd6 Kh7 30.Rd7 Rf8 31.Rxa7 g5 32.hxg5 Kg6 33.Re7 Kxg5 34.
Re5+ Kg6 35.Kc3 Rh8 36.Re2 Kxf6 37.Kd3 h4 38.Rh2 Kg5 39.Rg2+ Kf6 40.Ke3 
Rh5 41.Rh2 h3 42.Kf4 Kg6 43.Kg4 f5+ 44.Kg3 Kg5 45.Rxh3 Rxh3+ 46.Kxh3 Kf4 
47.Kg2 Ke3 48.Kf1 Kd2 0-1

[Event "Open Inverno"]
[Site "Ceriano Laghetto ITA"]
[Date "2008.02.19"]
[Round "3"]
[White "Bencivenga, Antonio"]
[Black "Napoli, Ferdinando"]
[Result "1-0"]
[WhiteElo "1332"]
[BlackElo "1802"]
[PlyCount "70"]
[EventDate "2008.02.05"]

1.d4 Nf6 2.Nc3 d6 3.e4 g6 4.Be3 Bg7 5.Qd2 e5 6.dxe5 dxe5 7.Qxd8+ Kxd8 8.
O-O-O+ Nbd7 9.Nf3 Ng4 10.Bc4 Nxe3 11.fxe3 c6 12.Ng5 Ke7 13.Nxf7 Rf8 14.
Rhf1 Nf6 15.Nxe5 Bg4 16.Nf3 b5 17.h3 Bxf3 18.gxf3 bxc4 19.e5 Nd7 20.f4 Nc5
21.Rd6 Rac8 22.Rd4 Bxe5 23.Rxc4 Bd6 24.b4 Nd7 25.Rd1 Nf6 26.Ne4 Rfd8 27.
Nxd6 Rxd6 28.Rxd6 Kxd6 29.Rd4+ Ke6 30.Rc4 Rc7 31.Kd2 c5 32.a3 Kd5 33.Kd3 
Nd7 34.e4+ Kd6 35.c3 cxb4 1-0

[Event "Open Inverno"]
[Site "Ceriano Laghetto ITA"]
[Date "2008.02.19"]
[Round "3"]
[White "Bertuolo, Sergio"]
[Black "Cervini, Gian Piero"]
[Result "1-0"]
[WhiteElo "1523"]
[BlackElo "1767"]
[PlyCount "57"]
[EventDate "2008.02.05"]

1.e4 d6 2.d4 Nf6 3.Nc3 g6 4.Nf3 Bg7 5.Be2 O-O 6.O-O Nbd7 7.Bd2 c5 8.e5 Ne8
9.exd6 Nxd6 10.d5 Nf6 11.Qc1 Re8 12.Rd1 e6 13.dxe6 Bxe6 14.Bf4 Nd5 15.Nxd5
Bxd5 16.Rxd5 Rxe2 17.Rxd6 Qe7 18.Qd1 Re8 19.Rd7 Qe4 20.Be3 Rxc2 21.Ng5 Qc4
22.Nxf7 Bxb2 23.Nh6+ Kh8 24.Nf7+ Kg8 25.Nd6 Qc3 26.Qd5+ Kh8 27.Nf7+ Kg7 
28.Ng5+ Kf6 29.Rf7# 1-0

[Event "Open Inverno"]
[Site "Ceriano Laghetto ITA"]
[Date "2008.02.19"]
[Round "3"]
[White "Clerici, Samuele"]
[Black "Isella, Lorenzo"]
[Result "1/2-1/2"]
[WhiteElo "1608"]
[BlackElo "1931"]
[PlyCount "39"]
[EventDate "2008.02.05"]

1.e4 c6 2.d4 d5 3.Nc3 dxe4 4.Nxe4 Bf5 5.Ng3 Bg6 6.Nf3 Nd7 7.Bd3 Ngf6 8.O-O
e6 9.Re1 Be7 10.Ne5 Bxd3 11.Qxd3 Nxe5 12.Rxe5 Bd6 13.Re3 O-O 14.Ne4 Nxe4 
15.Qxe4 Qf6 16.Rf3 Qg6 17.Qxg6 hxg6 18.Bf4 Bxf4 19.Rxf4 Rfd8 20.c3 1/2-1/2

[Event "Open Inverno"]
[Site "Ceriano Laghetto ITA"]
[Date "2008.02.19"]
[Round "3"]
[White "De Dominicis, Arrigo"]
[Black "Mondini, Francesco"]
[Result "0-1"]
[WhiteElo "1453"]
[BlackElo "1448"]
[PlyCount "82"]
[EventDate "2008.02.05"]

1.e4 e5 2.Bc4 Nf6 3.Nf3 Nc6 4.Ng5 d5 5.exd5 Na5 6.Bb5+ c6 7.dxc6 bxc6 8.
Ba4 Bd7 9.Qf3 h6 10.Ne4 Be7 11.O-O Qc7 12.a3 O-O 13.d3 c5 14.Bxd7 Qxd7 15.
Qg3 Nxe4 16.dxe4 Qe6 17.Nc3 Nc6 18.Nd5 Bd8 19.b4 Nd4 20.Qd3 c4 21.Qd1 Rc8 
22.c3 Nb3 23.Rb1 f5 24.Re1 Nxc1 25.Rxc1 Bg5 26.Rc2 fxe4 27.Rxe4 Rcd8 28.
Ne7+ Qxe7 29.Qe2 Rd5 30.g3 Qd6 31.f4 Bf6 32.fxe5 Rxe5 33.Rxe5 Qxe5 34.Qg4 
Qe3+ 35.Kg2 Qe8 36.Re2 Qc6+ 37.Kh3 Bxc3 38.Re6 Qd7 39.Kh4 Bf6+ 40.Rxf6 
Qxg4+ 41.Kxg4 gxf6 0-1

[Event "Open Inverno"]
[Site "Ceriano Laghetto ITA"]
[Date "2008.02.19"]
[Round "3"]
[White "Gagliardi, Christian"]
[Black "Morandi, Daniele"]
[Result "1-0"]
[WhiteElo "2186"]
[BlackElo "1999"]
[PlyCount "69"]
[EventDate "2008.02.05"]

1.e4 e5 2.Nf3 Nc6 3.d4 exd4 4.Nxd4 Nf6 5.Nxc6 bxc6 6.e5 Qe7 7.Qe2 Nd5 8.c4
Ba6 9.b3 g6 10.f4 Bg7 11.Qf2 Nb6 12.Ba3 d6 13.c5 Bxe5 14.fxe5 Qxe5+ 15.Kd1
Qxa1 16.Kc1 Bxf1 17.Rxf1 O-O-O 18.cxb6 cxb6 19.Bb2 Qxa2 20.Bxh8 Qxf2 21.
Rxf2 Rxh8 22.Rxf7 a5 23.Kd2 g5 24.Nc3 b5 25.Kd3 h5 26.Ra7 Rh6 27.Rxa5 Kb7 
28.Ra2 g4 29.Rf2 Rh7 30.Rf6 Kc7 31.Ne4 Rd7 32.Rf5 h4 33.Rf4 Rg7 34.Nf6 g3 
35.Ne8+ 1-0

[Event "Open Inverno"]
[Site "Ceriano Laghetto ITA"]
[Date "2008.02.19"]
[Round "3"]
[White "Guzzetti, Luigi Enrico"]
[Black "Lapiccirella, Mattia"]
[Result "0-1"]
[WhiteElo "1933"]
[BlackElo "2240"]
[PlyCount "46"]
[EventDate "2008.02.05"]

1.e4 c5 2.Nf3 Nc6 3.d4 cxd4 4.Nxd4 Nf6 5.Nc3 d6 6.Be2 e6 7.Be3 Be7 8.Qd2 
a6 9.O-O Qc7 10.a4 O-O 11.f3 Re8 12.g4 b6 13.g5 Nd7 14.f4 Bb7 15.f5 Nxd4 
16.Bxd4 Bf8 17.f6 d5 18.fxg7 Bc5 19.Bh5 Re7 20.exd5 exd5 21.Rae1 Ne5 22.
Rxe5 Qxe5 23.Bxc5 bxc5 0-1

[Event "Open Inverno"]
[Site "Ceriano Laghetto ITA"]
[Date "2008.02.19"]
[Round "3"]
[White "Iula, Massimo"]
[Black "Zampar, Andrea"]
[Result "0-1"]
[WhiteElo "1395"]
[BlackElo "1481"]
[PlyCount "70"]
[EventDate "2008.02.05"]

1.e4 c5 2.c3 g6 3.Nf3 Bg7 4.d4 cxd4 5.cxd4 d6 6.h3 Nc6 7.Be3 b6 8.Bc4 e6 
9.Nc3 a6 10.Bb3 Bb7 11.Rc1 Nge7 12.Qd2 Na5 13.Ba4+ b5 14.Bxb5+ axb5 15.
Nxb5 O-O 16.Qd3 Ba6 17.O-O Nac6 18.Bd2 Qb6 19.a4 Bxb5 20.axb5 Nxd4 21.Ne1 
Qxb5 22.Qxb5 Nxb5 23.Nd3 Nd4 24.Kh1 Nb3 25.Rc2 Nxd2 26.Rxd2 d5 27.e5 Ra2 
28.Rc2 Rb8 29.Rc7 Kf8 30.Rfc1 Ke8 31.Nb4 Rxb4 32.Rxe7+ Kxe7 33.Rc7+ Kd8 
34.Rxf7 Bxe5 35.Rxh7 Ra1# 0-1

[Event "Open Inverno"]
[Site "Ceriano Laghetto ITA"]
[Date "2008.02.19"]
[Round "3"]
[White "Moioli, Ferruccio"]
[Black "Pellegrini, Fabio"]
[Result "0-1"]
[WhiteElo "1566"]
[BlackElo "1428"]
[PlyCount "102"]
[EventDate "2008.02.05"]

1.d4 d5 2.Nc3 g6 3.e4 dxe4 4.Nxe4 Bg7 5.c3 Nf6 6.Nxf6+ Bxf6 7.Bh6 Nc6 8.
Bb5 Bd7 9.Nf3 e6 10.Qe2 Ne7 11.Ne5 c6 12.Bd3 Qc7 13.g3 Bxe5 14.dxe5 O-O-O 
15.Bg5 Rde8 16.O-O-O Nd5 17.Bc4 h6 18.Bxd5 exd5 19.Bf6 Rhg8 20.Qe3 Qa5 21.
a3 h5 22.Qd4 Be6 23.Qb4 Qxb4 24.axb4 b5 25.Kd2 Kb7 26.Ra1 a6 27.Ke3 Ra8 
28.Rhd1 Rge8 29.Rd4 Kb6 30.Ra5 c5 31.Rd3 cxb4 32.cxb4 Rec8 33.Rc3 Rc4 34.
Rxc4 dxc4 35.Ra1 Rc8 36.Rc1 a5 37.bxa5+ Kxa5 38.Kd4 b4 39.Be7 Kb5 40.Bd6 
Rc6 41.f4 Ra6 42.h3 Ra2 43.g4 Rxb2 44.f5 gxf5 45.gxf5 Bxf5 46.Rf1 Be6 47.
Ra1 c3 48.Bc7 Ba2 49.Rf1 c2 50.Rf5 c1=Q 51.e6+ Kc6 0-1

[Event "Open Inverno"]
[Site "Ceriano Laghetto ITA"]
[Date "2008.02.19"]
[Round "3"]
[White "Regorda, Vittorio"]
[Black "Schingaro, Angelo"]
[Result "1/2-1/2"]
[WhiteElo "1863"]
[BlackElo "1683"]
[PlyCount "62"]
[EventDate "2008.02.05"]

1.Nf3 Nf6 2.g3 g6 3.Bg2 Bg7 4.O-O O-O 5.d3 d5 6.Nc3 c5 7.e4 d4 8.Na4 Nfd7 
9.b3 Nc6 10.Ne1 b5 11.Nb2 e5 12.a4 b4 13.Nc4 Nb6 14.Nxb6 Qxb6 15.f4 exf4 
16.gxf4 f5 17.e5 Bb7 18.Nf3 Nd8 19.Qe1 Ne6 20.Qg3 Qc7 21.Bd2 Qe7 22.Rae1 
Rae8 23.Bc1 Bh6 24.h4 Kh8 25.Kf2 Rg8 26.Ng5 Bxg5 27.hxg5 Rg7 28.Rh1 Rf8 
29.Rh6 Kg8 30.Bf3 Bxf3 31.Qxf3 Qd7 1/2-1/2

[Event "Open Inverno"]
[Site "Ceriano Laghetto ITA"]
[Date "2008.02.19"]
[Round "3"]
[White "Ronconi, Fausto"]
[Black "Conta, Diego"]
[Result "1/2-1/2"]
[WhiteElo "1733"]
[BlackElo "1890"]
[PlyCount "109"]
[EventDate "2008.02.05"]

1.c4 e6 2.Nf3 Nf6 3.g3 c6 4.Bg2 d5 5.b3 Nbd7 6.O-O Qc7 7.d3 Bd6 8.Nbd2 h5 
9.e4 d4 10.Bb2 e5 11.Nh4 g6 12.Ndf3 Nc5 13.b4 Ne6 14.c5 Bf8 15.Bc1 Bh6 16.
Bxh6 Rxh6 17.Qd2 Rh7 18.Ng5 Nxg5 19.Qxg5 Qe7 20.Nf3 Nd7 21.Bh3 Qxg5 22.
Nxg5 Rg7 23.f4 exf4 24.Rxf4 Ne5 25.Bxc8 Rxc8 26.Rd1 Ke7 27.Nf3 Nxf3+ 28.
Rxf3 f6 29.Rdf1 Rf7 30.Rf4 Rcf8 31.a4 a6 32.Kg2 Ke6 33.R1f2 Ke5 34.Kf1 f5 
35.exf5 Rxf5 36.Re2+ Kd5 37.Re4 Rxf4+ 38.gxf4 Rf5 39.h4 b6 40.cxb6 c5 41.
b7 Rf8 42.Re5+ Kc6 43.b8=Q Rxb8 44.Re6+ Kd7 45.Rxg6 cxb4 46.Rg2 a5 47.Ke1 
b3 48.Rb2 Ke6 49.Kf2 Kf5 50.Kf3 Kf6 51.Ke4 Ke6 52.f5+ Kf6 53.Kf4 Rb7 54.
Ke4 Rb4 55.Kf4 1/2-1/2

[Event "Open Inverno"]
[Site "Ceriano Laghetto ITA"]
[Date "2008.02.19"]
[Round "3"]
[White "Santarelli, Sabatino"]
[Black "Viale, Fabio"]
[Result "1-0"]
[WhiteElo "1593"]
[BlackElo "1809"]
[PlyCount "64"]
[EventDate "2008.02.05"]

1.e4 g6 2.d4 Bg7 3.c3 d6 4.Nd2 c6 5.Ngf3 Nd7 6.Bc4 e6 7.O-O Ne7 8.Bb3 O-O 
9.Re1 Qc7 10.Nf1 b5 11.h3 a5 12.Bg5 Re8 13.Qd2 Kh8 14.Bh6 Ng8 15.Bxg7+ 
Kxg7 16.Ng3 Ba6 17.h4 h5 18.Ng5 Ngf6 19.Rad1 Rad8 20.Qf4 Nf8 21.e5 Nd5 22.
Bxd5 cxd5 23.Re3 Nh7 24.Nxh7 Kxh7 25.Rf3 Rf8 26.exd6 Rxd6 27.Re1 Bc8 28.
Re5 f6 29.Nxh5 fxe5 30.Qxf8 gxh5 31.Rf7+ Qxf7 32.Qxf7+ Kh6 1-0

[Event "Open Inverno"]
[Site "Ceriano Laghetto ITA"]
[Date "2008.02.26"]
[Round "4"]
[White "Fock, Giustino"]
[Black "Moioli, Ferruccio"]
[Result "0-1"]
[WhiteElo "1371"]
[BlackElo "1566"]
[PlyCount "88"]
[EventDate "2008.02.05"]

1.d4 g6 2.c4 Bg7 3.e4 d6 4.Nc3 Nf6 5.Nf3 b6 6.d5 c6 7.Be2 cxd5 8.cxd5 O-O 
9.O-O Nbd7 10.Qc2 Nc5 11.Rb1 a5 12.a4 Bd7 13.Bd2 Rc8 14.Rfe1 Ncxe4 15.Qd1 
Nxd2 16.Qxd2 Rc5 17.Bf1 Re8 18.h3 e6 19.dxe6 Bxe6 20.Bb5 Rf8 21.Rbd1 d5 
22.Ne5 Qa8 23.g4 Ne4 24.Nxe4 dxe4 25.Nd7 Bxd7 26.Qxd7 Re5 27.Bc6 Qb8 28.
Rxe4 Rxe4 29.Bxe4 Qe5 30.Bd5 Qxb2 31.Bxf7+ Rxf7 32.Qd8+ Bf8 33.Rd2 Qa1+ 
34.Rd1 Qxa4 35.Rd4 Qa1+ 36.Rd1 Qf6 37.Qxf6 Rxf6 38.Rd8 h5 39.gxh5 gxh5 40.
Rd5 Bc5 41.Rd2 a4 42.Kf1 Rxf2+ 43.Ke1 Rxd2 44.Kxd2 a3 0-1

[Event "Open Inverno"]
[Site "Ceriano Laghetto ITA"]
[Date "2008.02.26"]
[Round "4"]
[White "Guglia, Giuseppe"]
[Black "De Dominicis, Arrigo"]
[Result "1-0"]
[WhiteElo "1500"]
[BlackElo "1453"]
[PlyCount "67"]
[EventDate "2008.02.05"]

1.d4 b6 2.e4 Bb7 3.Nc3 Nf6 4.Bd3 d5 5.e5 Ne4 6.Nge2 Nxc3 7.Nxc3 e6 8.O-O 
f6 9.Qh5+ Kd7 10.Nb5 Be7 11.Qf7 Qf8 12.Qxf8 Bxf8 13.exf6 gxf6 14.Bf4 Bd6 
15.Bh6 Nc6 16.Bg7 Rhg8 17.Bxf6 Raf8 18.Nxd6 Kxd6 19.Bh4 Rf4 20.Bg3 Rxg3 
21.fxg3 Rxd4 22.Rf7 Ne5 23.Rxh7 Nxd3 24.cxd3 Rxd3 25.Rc1 Bc6 26.Rf7 d4 27.
g4 Rd2 28.Rf2 Rxf2 29.Kxf2 Be8 30.h4 e5 31.b3 d3 32.Ke3 Bb5 33.h5 Kd5 34.
h6 1-0

[Event "Open Inverno"]
[Site "Ceriano Laghetto ITA"]
[Date "2008.02.26"]
[Round "4"]
[White "Isella, Lorenzo"]
[Black "Ronconi, Fausto"]
[Result "1-0"]
[WhiteElo "1931"]
[BlackElo "1733"]
[PlyCount "81"]
[EventDate "2008.02.05"]

1.d4 d5 2.c4 e6 3.Nc3 Nf6 4.Bg5 Be7 5.cxd5 Nxd5 6.Bxe7 Nxe7 7.Nf3 Nd7 8.e3
O-O 9.Bd3 Nf6 10.O-O Ned5 11.Rc1 b6 12.Nxd5 Nxd5 13.Bb5 Bb7 14.Ne5 Nb4 15.
Bc6 Nxc6 16.Nxc6 Qd6 17.Qc2 Kh8 18.a3 Rfe8 19.Rfd1 a5 20.Rd3 Qd5 21.f4 Qe4
22.Rb3 Qxc2 23.Rxc2 f6 24.Rbc3 b5 25.Rc5 Ra6 26.g3 h6 27.Kf2 g5 28.R2c3 h5
29.fxg5 fxg5 30.Ne5 c6 31.Nf7+ Kg7 32.Nd6 Rf8+ 33.Ke2 b4 34.Rxg5+ Kh6 35.
Rcc5 Rf5 36.Rgxf5 exf5 37.Nxb7 bxa3 38.bxa3 Kg5 39.Rxa5 Rb6 40.Nd6 Rb2+ 
41.Kf3 1-0

[Event "Open Inverno"]
[Site "Ceriano Laghetto ITA"]
[Date "2008.02.26"]
[Round "4"]
[White "Lapiccirella, Mattia"]
[Black "Gagliardi, Christian"]
[Result "0-1"]
[WhiteElo "2240"]
[BlackElo "2186"]
[PlyCount "76"]
[EventDate "2008.02.05"]

1.d4 Nf6 2.c4 g6 3.Nc3 Bg7 4.e4 d6 5.Be2 O-O 6.Nf3 e5 7.d5 Na6 8.Be3 Nc5 
9.Nd2 a5 10.g4 b6 11.h4 Nfd7 12.Qc2 h6 13.h5 g5 14.b3 Nf6 15.f3 Bd7 16.Kf2
Qe7 17.Kg3 Rfb8 18.a3 Na6 19.Qb1 c5 20.dxc6 Bxc6 21.b4 Nc7 22.Nd5 Nfxd5 
23.cxd5 Bb5 24.Bc4 Be8 25.Qg1 axb4 26.axb4 Qd7 27.Rxa8 Nxa8 28.Qa1 Bf6 29.
Rc1 Be7 30.Be2 Bd8 31.Qb2 Nc7 32.Nb1 Nb5 33.Bd3 Qe7 34.Bxb5 Bxb5 35.Na3 
Ba6 36.b5 Bb7 37.Nc4 f5 38.gxf5 Rc8 0-1

[Event "Open Inverno"]
[Site "Ceriano Laghetto ITA"]
[Date "2008.02.26"]
[Round "4"]
[White "Mondini, Francesco"]
[Black "Clerici, Samuele"]
[Result "1-0"]
[WhiteElo "1448"]
[BlackElo "1608"]
[PlyCount "29"]
[EventDate "2008.02.05"]

1.e4 e5 2.f4 exf4 3.Nf3 g5 4.h4 f6 5.Bc4 g4 6.Nd4 d6 7.d3 c5 8.Ne6 Qe7 9.
Qxg4 Nh6 10.Qh5+ Nf7 11.Nxf4 Nc6 12.Nd5 Qd8 13.Nb6 Qxb6 14.Qxf7+ Kd8 15.
Qxf6+ 1-0

[Event "Open Inverno"]
[Site "Ceriano Laghetto ITA"]
[Date "2008.02.26"]
[Round "4"]
[White "Morandi, Daniele"]
[Black "Bertuolo, Sergio"]
[Result "1-0"]
[WhiteElo "1999"]
[BlackElo "1523"]
[PlyCount "99"]
[EventDate "2008.02.05"]

1.e4 e6 2.d4 d5 3.Nd2 Nf6 4.e5 Nfd7 5.Bd3 c5 6.c3 Nc6 7.Ne2 cxd4 8.cxd4 
Qb6 9.Nf3 f6 10.exf6 Nxf6 11.O-O Bd6 12.Nc3 O-O 13.Be3 Bd7 14.Na4 Qc7 15.
Rc1 Qd8 16.Nc5 Rb8 17.h3 e5 18.Nxd7 Qxd7 19.Bb5 Rfe8 20.dxe5 Bxe5 21.Nxe5 
Rxe5 22.Bf4 Rbe8 23.Bxe5 Rxe5 24.Re1 Rf5 25.Qa4 d4 26.Bxc6 bxc6 27.Qxc6 d3
28.Qc8+ Qxc8 29.Rxc8+ Kf7 30.Rd8 Nd5 31.Rd1 Nf4 32.R1xd3 Nxd3 33.Rxd3 Ke6 
34.f3 Rc5 35.Rc3 Rxc3 36.bxc3 Kd5 37.f4 Kc4 38.g4 a5 39.f5 a4 40.g5 Kd5 
41.f6 gxf6 42.gxf6 Ke6 43.Kf2 Kxf6 44.Ke3 Ke5 45.Kd3 Kd5 46.h4 h5 47.c4+ 
Kd6 48.Kc3 Kc5 49.a3 Kb6 50.Kb4 1-0

[Event "Open Inverno"]
[Site "Ceriano Laghetto ITA"]
[Date "2008.02.26"]
[Round "4"]
[White "Napoli, Ferdinando"]
[Black "Marelli, Vittorio"]
[Result "1-0"]
[WhiteElo "1802"]
[BlackElo "1439"]
[PlyCount "65"]
[EventDate "2008.02.05"]

1.b3 b6 2.Bb2 Bb7 3.Nf3 Nf6 4.e3 e6 5.c4 c5 6.Nc3 Nc6 7.Be2 Be7 8.O-O O-O 
9.d4 cxd4 10.Nxd4 d5 11.Bf3 Rc8 12.cxd5 Nxd5 13.Nxd5 exd5 14.Qe2 Nb4 15.
Qd2 Ba6 16.Be2 Bxe2 17.Qxe2 Bf6 18.Rfc1 Rxc1+ 19.Rxc1 Nxa2 20.Ra1 Nb4 21.
Rxa7 Qd6 22.g3 Bxd4 23.Bxd4 Nc6 24.Ra4 Nxd4 25.Rxd4 Re8 26.Qd3 f6 27.Rxd5 
Qe6 28.Rd6 Qh3 29.Rxb6 Rc8 30.Qd5+ Kh8 31.Rc6 Ra8 32.Rc1 g5 33.Qxa8+ 1-0

[Event "Open Inverno"]
[Site "Ceriano Laghetto ITA"]
[Date "2008.02.26"]
[Round "4"]
[White "Pellegrini, Fabio"]
[Black "Milan, Raffaele"]
[Result "1/2-1/2"]
[WhiteElo "1428"]
[BlackElo "1640"]
[PlyCount "94"]
[EventDate "2008.02.05"]

1.e4 e5 2.Nf3 Nf6 3.Bc4 Nxe4 4.O-O d5 5.Bb3 Nc6 6.Re1 Bg4 7.d3 Nc5 8.Nc3 
Nxb3 9.axb3 Nd4 10.Rxe5+ Be7 11.Rxd5 Nxf3+ 12.gxf3 Bd7 13.Bf4 c6 14.Rd4 
O-O 15.Qe2 Re8 16.Re4 Bf5 17.Re3 Bc5 18.Rxe8+ Qxe8 19.Qxe8+ Rxe8 20.Ne4 
Bxe4 21.fxe4 a6 22.Kf1 Re6 23.Ke2 Rf6 24.Be3 Bd6 25.Rh1 Rg6 26.h3 h6 27.d4
Kf8 28.c4 Ke7 29.c5 Bc7 30.b4 Ke6 31.Kd3 f5 32.e5 Kd5 33.f4 Bd8 34.Rg1 
Rxg1 35.Bxg1 g5 36.fxg5 Bxg5 37.b3 Bc1 38.Be3 Bb2 39.Bxh6 Bxd4 40.e6 Bf6 
41.Bg7 Be7 42.Bc3 Kxe6 43.Ke3 Bg5+ 44.Kf3 Kd5 45.Be1 Kd4 46.h4 Bh6 47.Bf2+
Ke5 1/2-1/2